| 000 | 01127cam a2200313 a 4500 | ||
|---|---|---|---|
| 999 |
_c3158 _d3158 |
||
| 001 | 17651550 | ||
| 003 | GZU | ||
| 005 | 20201119145340.0 | ||
| 008 | 130305s2014 njuab b 001 0 eng | ||
| 010 | _a 2013008153 | ||
| 020 | _a9788120330177 | ||
| 035 | _a(DNAL)1116803 | ||
| 040 |
_aDNAL/DLC _cDNAL _dDLC |
||
| 042 | _apcc | ||
| 050 | 0 | 0 |
_aS633 _b.SOI 2005 |
| 245 | 0 | 0 |
_aSoil fertility and fertilizers : _ban introduction to nutrient management / _cJohn L. Havlin, James D. Beaton, Samuel L. and Werner L. Nelson |
| 246 | 1 | _aIntroduction to nutrient management | |
| 250 | _a7th ed. | ||
| 260 |
_aNew Delhi : _bPHI Learning Private Limited, _c2011. |
||
| 300 |
_ax, 515 p. : _bill., maps, plates ; _c29 cm. |
||
| 504 | _aIncludes bibliographical references and index. | ||
| 650 | 0 | _aFertilizers. | |
| 650 | 0 | _aSoil fertility. | |
| 650 | 0 |
_aCrops _xNutrition. |
|
| 700 | 1 |
_aHavlin, John. _eauthor |
|
| 906 |
_a7 _bcbc _corignew _d1 _eecip _f20 _gy-gencatlg |
||
| 942 |
_2lcc _cBK _e7th ed. _h633 _iSOI _kS |
||